Further ahead : a communication skills course for business English : teacher's guide /

Đã lưu trong:
Sonraí Bibleagrafaíochta
Príomhúdar: Jonker, Niels.
Formáid: Leabhar
Teanga:English
Foilsithe: Cambridge : Cambridge University Press, 1998.
Ábhair:
Clibeanna: Cuir Clib Leis
Gan Chlibeanna, Bí ar an gcéad duine leis an taifead seo a chlibeáil!
Thư viện lưu trữ: Mạng thư viện Đại học Đà Nẵng
LEADER 01185nam a2200337 a 4500
001 000041632
003 18694
005 20190906151543.0
008 171030s1998
020 |c 20000 
020 |a 0521597846 
040 |a LNN 
041 0 |a eng 
082 1 4 |a 428.2402465  |b JO-S 
100 1 |a Jonker, Niels. 
245 0 0 |a Further ahead :  |b a communication skills course for business English : teacher's guide /  |c Sarah Jones-Macziola. 
260 |a Cambridge :  |b Cambridge University Press,  |c 1998. 
300 |a viii, 88 p. :  |b ill. ;  |c 27.5cm. 
630 0 4 |a English language. 
630 0 4 |a Business English. 
650 0 4 |a English language  |x Textbooks for foreign speakers. 
650 0 4 |a English language  |x Business English. 
OWN |a LNN 
AVA |a UDN50  |b LNN  |c English  |d 428.34 JO-S  |e available  |t Error 5001 Not defined in file expand_doc_bib_avail.  |f 1  |g 0  |h N  |i 0  |j AN  |k 1 
999 |a From the UDN01 
AVA |a UDN50  |b LNN  |c English  |d 428.34 JO-S  |e available  |t Error 5001 Not defined in file expand_doc_bib_avail.  |f 1  |g 0  |h N  |i 0  |j AN  |k 1 
TYP |a Monograph 
TYP |a Printed language 
980 |a Mạng thư viện Đại học Đà Nẵng